Ḥakhme Ḥelem / (Record no. 33271)

MARC details
000 -LEADER
fixed length control field 00889cam a22002651a 4500
001 - CONTROL NUMBER
control field he 68001341
003 - CONTROL NUMBER IDENTIFIER
control field DLC
005 - DATE AND TIME OF LATEST TRANSACTION
control field 20260227111458.0
008 - FIXED-LENGTH DATA ELEMENTS--GENERAL INFORMATION
fixed length control field 920624s1966 is a 000 0 hebr
010 ## - LIBRARY OF CONGRESS CONTROL NUMBER
LC control number he 68001341
035 ## - SYSTEM CONTROL NUMBER
System control number (OCoLC)26079546
040 ## - CATALOGING SOURCE
Original cataloging agency DLC
Transcribing agency CLU
Modifying agency DLC
042 ## - AUTHENTICATION CODE
Authentication code premarc
050 00 - LIBRARY OF CONGRESS CALL NUMBER
Classification number PZ90.H3
Item number H388 1966
100 1# - MAIN ENTRY--PERSONAL NAME
Personal name Halperin, F.,
Dates associated with a name 1876-1945.
245 10 - TITLE STATEMENT
Title Ḥakhme Ḥelem /
Statement of responsibility, etc. me-et Falk Helpren; meʼubad le-ʻIvrit bi-yede Galyah Yardeni.
260 ## - PUBLICATION, DISTRIBUTION, ETC.
Place of publication, distribution, etc. Yerushalayim :
Name of publisher, distributor, etc. ha-Maḥlakah le-ḥinukh ule-tarbut ba-golaḥ shel ha-Histadrut ha-Tsiyonit a-ʻOlamit,
Date of publication, distribution, etc. 726 [1966]
300 ## - PHYSICAL DESCRIPTION
Extent 48 p. :
Other physical details ill. ;
Dimensions 19 cm.
490 0# - SERIES STATEMENT
Series statement Gesher la-noʻar, sifronim be-ʻIvrit ḳalah ;
Volume/sequential designation 8
500 ## - GENERAL NOTE
General note Added t.p.: The sages of Chelm.
500 ## - GENERAL NOTE
General note Vocalized.
650 #0 - SUBJECT ADDED ENTRY--TOPICAL TERM
Topical term or geographic name entry element Jewish wit and humor.
700 1# - ADDED ENTRY--PERSONAL NAME
Personal name Yardeni, Galia.
740 0# - ADDED ENTRY--UNCONTROLLED RELATED/ANALYTICAL TITLE
Uncontrolled related/analytical title Sages of Chelm.

No items available.

Powered by Koha